Označenia kvality produktov a ich využitie v marketingovej stratégii bakalárska práca

Uložené v:
Podrobná bibliografia
Hlavný autor: Toporová, Liliana
Korporativný autor: Obchodná fakulta EU. Katedra tovaroznalectva a kvality tovaru
Ďalší autori: Strhan, Rastislav, 1968-
Médium: Kniha
Jazyk:Slovak
Vydavateľské údaje: Bratislava 2018
Tagy: Pridať tag
Žiadne tagy, Buďte prvý, kto otaguje tento záznam!

MARC

LEADER 00000nbm a2200000 4500
001 0247344
005 20180911145425.6
041 0 |a slo 
044 |a SK 
245 1 0 |a Označenia kvality produktov a ich využitie v marketingovej stratégii  |b bakalárska práca  |c Liliana Toporová ; školiteľ: Rastislav Strhan 
264 1 |a Bratislava  |c 2018 
300 |a 46 s. 
100 1 |a Toporová, Liliana 
700 1 |a Strhan, Rastislav, 1968- 
710 2 |a Obchodná fakulta EU. Katedra tovaroznalectva a kvality tovaru